书目信息 |
| 题名: |
现代生物化学
|
|
| 作者: | 黄熙泰 , 于自然 , 李翠凤 主编 | |
| 分册: | ||
| 出版信息: | 北京 化学工业出版社 2005.07 |
|
| 页数: | 536页 | |
| 开本: | 26cm | |
| 丛书名: | ||
| 单 册: | ||
| 中图分类: | Q5 | |
| 科图分类: | ||
| 主题词: | 生物化学--sheng wu hua xue--高等学校--教材 | |
| 电子资源: | ||
| ISBN: | 7-5025-6565-5 | |
| 000 | 00974nam0 2200289 450 | |
| 001 | 012006324140 | |
| 005 | 20060303094926.78 | |
| 010 | @a7-5025-6565-5@dCNY49.00 | |
| 100 | @a20060303d2005 km y0chiy0121 ea | |
| 101 | 0 | @achi |
| 102 | @aCN@b110000 | |
| 105 | @aa a 001yy | |
| 200 | 1 | @a现代生物化学@Axian dai sheng wu hua xue@f黄熙泰, 于自然, 李翠凤主编@Fhuang xi tai,yu zi ran,li cui feng zhu bian |
| 205 | @a第2版 | |
| 210 | @a北京@c化学工业出版社@d2005.07 | |
| 215 | @a536页@c图@d26cm | |
| 300 | @a高等学校教材 | |
| 320 | @a有书目 (第523页) 和索引。 | |
| 330 | @a本书介绍了生物化学、蛋白质化学、酶化学、核苷酸核酸维生素与辅酶、生物膜、激素、新陈代谢以及基因重组技术。 | |
| 333 | @a高等学校教材 | |
| 606 | 0 | @a生物化学@Asheng wu hua xue@x高等学校@x教材 |
| 690 | @aQ5@v4 | |
| 701 | 0 | @a黄熙泰@Ahuang xi tai@4主编 |
| 701 | 0 | @a于自然@Ayu zi ran@4主编 |
| 701 | 0 | @a李翠凤@Ali cui feng@4主编 |
| 801 | 0 | @aCN@bQSSK@c20060303 |
| 905 | @a10447@dQ5@eH906 | |
| 现代生物化学/黄熙泰, 于自然, 李翠凤主编.-第2版.-北京:化学工业出版社,2005.07 |
| 536页:图;26cm |
| 高等学校教材.-使用对象:高等学校教材 |
| ISBN 7-5025-6565-5:CNY49.00 |
| 本书介绍了生物化学、蛋白质化学、酶化学、核苷酸核酸维生素与辅酶、生物膜、激素、新陈代谢以及基因重组技术。 |
| ● |
| 相关链接 |
|
|
|
正题名:现代生物化学
索取号:Q5/H906
 
预约/预借
| 序号 | 登录号 | 条形码 | 馆藏地/架位号 | 状态 | 备注 |
| 1 | 554006 | 205540066 | 自科库401/401自科库 28排1列5层/ [索取号:Q5/H906] | 在馆 | |
| 2 | 554007 | 205540075 | 自科库401/401自科库 28排1列5层/ [索取号:Q5/H906] | 在馆 | |
| 3 | 554008 | 205540084 | 自科库401/401自科库 28排1列5层/ [索取号:Q5/H906] | 在馆 |